Eseje /

Hlavní autor: Emerson, Ralph Waldo, 1803-1882
Jazyk: Slovenština
Vydáno: Bratislava : Slovenský spisovateľ, 1991
Vydání: 1. vyd.
Edice: Rozpravy (Slovenský spisovateľ)
Externí odkaz: Digitalizovaný dokument
Fyzický popis: 212 s.
Knihy
Uloženo v:
LEADER 00953nam a22002772a 4500
001 000004165
003 CZ BrMZK
005 20110316151334.0
007 ta
008 960713s1991 xo f slo d
040 |a BOA001  |b cze 
041 1 |a slo  |h eng 
080 9 |a 820(73)-4 
100 1 |a Emerson, Ralph Waldo,  |d 1803-1882  |7 jn20000601484  |4 aut 
245 1 0 |a Eseje /  |c Ralph Waldo Emerson 
250 |a 1. vyd. 
260 |a Bratislava :  |b Slovenský spisovateľ,  |c 1991 
300 |a 212 s. 
490 1 |a Rozpravy ;  |v zv. 14 
500 |a Dostupné též v digitální podobě v aplikaci Kramerius 
765 0 |t Essays  |9 Slovensky 
830 0 |a Rozpravy (Slovenský spisovateľ) 
856 4 1 |u http://www.digitalniknihovna.cz/mzk/uuid/uuid:636ec4a0-82fa-11ea-bc65-005056827e52  |y Digitalizovaný dokument  |x NDK 
910 |a BOA001  |b 1-0973.807 
990 |a BK 
996 7 |b 2619970544  |c 1-0973.807  |l MZK  |r Sklad / do 1 hodiny  |n 63  |w 000004165  |u 000010  |a 1  |e BOA001  |j MZK50  |s A